BIBLIOTHÈQUE DE LA MAISON DU MEXIQUE

Logo 1 Logo 2

¿ Qué es el Instituto Nacional Indigenísta ? (notice nᵒ 3498)

détails MARC
000 -Sello discográfico
campo de control de longitud fija 00904nam a2200337 4500
005 - Identificación de versión
campo de control 20251017062816.0
035 ## - Otros números de control del sistema
Número de control del sistema 13405
099 ## - fechas locales
Tipo de ítem Koha LIBRO
100 ## - Datos de procesamiento general
Datos de procesamiento general 19980518d1955 m y1spay5003 ba
105 ## - Campo de datos codificados: Material textual, monográfico
Datos codificados de monografía a 001zy
200 1# - Título y mención de responsabilidad
Título propio ¿ Qué es el Instituto Nacional Indigenísta ?
Designación general del material texto impreso
Primer mención de responsabilidad Alfonso Caso
210 ## - Publicación, distribución, etc.
Lugar de publicación, distribución, etc. México
Nombre del editor, distribuidor, etc. Instituto Nacional Indigenista
Fecha de publicación, distribución, etc. 1955
215 ## - Descripción física
Designación de material específico y extensión del ítem 96 p
Otras características físicas fot.
Dimensiones 21 cm
318 ## - Nota de acción
Acción No se presta a domicilio
345 ## - Nota de información de adquisición
Fuente de adquisición/dirección de la suscripción [OBSOLETO] Donación
606 ## - Término temático usado como materia
Elemento de entrada Indios de México
Número Koha 239
660 ## - Código de área geográfica
Código MX
700 ## - Nombre personal - Responsabilidad primaria
Elemento de entrada Caso y Andrade
Parte del nombre distinta del elemento de entrada Alfonso
Fechas 1896-1970
Número Koha 841
801 #0 - Fuente de origen
Agencia cm
900 ## -
-- 1/17298
900 ## -
-- 710988902\\180598
942 ## - ELEMENTOS DE ENTRADA SECUNDARIOS (KOHA)
Tipo de ítem Koha Livre
996 ## -
-- MEX
-- 751145101
-- MMAG
-- 006399
-- R972.01 C341Q
-- 20220429LIV
Exemplaires
Estatus retirado Estado de daño Estado de pérdida Fecha de adquisición Biblioteca de origen Biblioteca actual Ubicación en estantería Código de barras Precio de reemplazo Signatura topográfica completa No para préstamo Tipo de ítem Koha Nota pública Nota no pública
      05/08/2025 Casa México Paris Casa México Paris   006399 05/08/2025 R972.01 C341Q No se presta a domicilio Livre 20220429LIV 751145101